000 00689nam a2200277Ia 4500
005 20260324121357.0
008 008 260324s9999 xx 000 0 eng d
020 _a9781315772301
037 _aEBOOK
040 _aCRL
040 _beng
040 _cCRL
041 _2eng
041 _aeng
084 _qCRL
100 _aStewart Anderson; Melissa Chakars; Daya Thussu
_91162282
245 0 _aModernization, Nation-Building, and Television History
260 _bTaylor and Francis
260 _c2014
365 _a
365 _b240
856 _uhttp://www.taylorfrancis.com/books/9781315772301
942 _cEBOOK
999 _c1754340
_d1754340